APL2 in depth

Saved in:
Bibliographic Details
Main Author: Thompson, Norman (Norman D.)
Other Authors: Polivka, Raymond P. (Raymond Peter) 1929-
Format: Book
Language:English
Published: New York : Springer-Verlag, c1995
Subjects:
Tags: Add Tag
No Tags, Be the first to tag this record!

MARC

LEADER 00000nam a2200000 i 4500
001 1/47385
008 980119s1995 eng d
020 |a 0-387-94213-0 
035 |l 10026489 
040 |a GR-MY-UA  |b gre  |e aacr 
041 0 |a eng 
082 0 |a 005.133 
100 1 |a Thompson, Norman  |q (Norman D.) 
245 1 0 |a APL2 in depth /  |c Norman D. Thomson, Raymond P. Polivka 
260 |a New York :   |b Springer-Verlag,   |c c1995 
300 |a xiv, 264 p. 
504 |a Includes index 
650 0 0 |a APL (Computer program language) 
700 1 |a Polivka, Raymond P.  |q (Raymond Peter)  |d 1929- 
852 |a INST  |b CHIOS  |e 19980119  |h 005.133 THO  |p 005200010094  |q 005200010094  |t BK  |y 0 
901 |a BIBL-1998-1 
909 |a Χ  |b 052525 
922 |a 2ΕΛΗ  |b 199712  |c ΑΛΕΞΑΚΗΣ  |d ΠΑΠΑΣΩΤΗΡΙΟΥ